Ship borne radar and ARPA / (Record no. 3149)

000 -LEADER
fixed length control field 00404nam a22001457a 4500
008 - FIXED-LENGTH DATA ELEMENTS--GENERAL INFORMATION
fixed length control field 200320b ||||| |||| 00| 0 eng d
100 ## - MAIN ENTRY--PERSONAL NAME
9 (RLIN) 2542
Personal name Subramaniam, H.
245 10 - TITLE STATEMENT
Title Ship borne radar and ARPA /
250 ## - EDITION STATEMENT
Edition statement 4th ed.
260 ## - PUBLICATION, DISTRIBUTION, ETC. (IMPRINT)
Place of publication, distribution, etc Mumbai :
Name of publisher, distributor, etc Vijaya Publication,
Date of publication, distribution, etc 2010.
300 ## - PHYSICAL DESCRIPTION
Extent v, 287p.
440 ## - SERIES STATEMENT/ADDED ENTRY--TITLE
Title Nutshell series book 3
650 #0 - SUBJECT ADDED ENTRY--TOPICAL TERM
Topical term or geographic name as entry element Radar in Navigation
942 ## - ADDED ENTRY ELEMENTS (KOHA)
Item type Books
Holdings
Withdrawn status Lost status Source of classification or shelving scheme Damaged status Not for loan Permanent location Current location Date acquired Source of acquisition Total Checkouts Full call number Barcode Date last seen Date last borrowed Cost, replacement price Koha item type Cost, normal purchase price
          IMU Kolkata IMU Kolkata 2011-10-31 Ross and Marketing Consultants 1 623.8933 S9417 11256 2025-12-15 2025-12-10 360.00 Books  
          IMU Kolkata IMU Kolkata 2020-07-30 16       2020-07-30   360.00 Books 360.00
Designed and Maintained by IMU-KC Library, Kolkata Campus © Copyright All Rights Reserved

webs counters

Powered by Koha